000 00355nam a2200145Ia 4500
008 100122s9999 xx 000 0 und d
082 _b48821
_a823
100 _aHELM ERIC
245 _aTHE KIT CARSON SCOUT
260 _bA GOLD EAGLE BOOK
_c1987
300 _a221
630 _aTHE KIT CARSON SCOUT
730 _aTHE KIT CARSON SCOUT
942 _cBOOK
999 _c374776
_d374773